000 00509nam a2200157 i 4500
001 38740
003 ES-MaACL
005 20230906155818.0
007 t|
008 030226q1970 sp ||||1| spa d
110 2 _aCámara Oficial de Industria de Guipúzcoa.
_9169740
245 1 0 _aMemoria
_b: 1969 /
_cCámara Oficial de Instrustria de Guipúzcoa.
260 _aSan Sebastián :
_b[s.n.,
_c1970?] (
_fImp. Nerecan)
300 _a72 p., 27 lám. :
_b10 map. ;
_c24 cm.
852 _aES-MaACL
_jC-41341
_bR.75552
999 _c38740
_d38740